01306nam a2200217 i 4500001000700000003000900007005001700016008004100033245015600074260002900230300004700259490004000306505053100346651004100877700001900918700004100937700001800978710003100996830004001027852002101067187512ES-MaACL20230906222940.0171020s1928 fr |||| | fre d03aLa vie parisienne au XVIIIe siècle b: conférences du Musée Carnavalet (1928) / cpar Abel Hermant, F. Funck-Brentano, Franc Nohain... [et al.]. aParis : bPayot, c1928. a260 p., 16 h. de lám. : bil. ; c23 cm.1 aConférences du Musée Carnavalet8 aContiene: Le XVIIIe siècle vivant / par A. Hermant. - La vie populaire à Paris au XVIIIe siècle / par F. Funck-Brentano. - Les promenades à la mode / par Franc-Nohain. - La table au XVIIIe siècle / par P. Reboux. - La vie de famille au XVIIIe s. / par A. E. Sorel. - L'armour et la mode / par R. Lécuyer. - La jeune fille au XVIIIe siècle / par A. Bellessort. - Les gazetiers et les nouvellistes / par H. Morand. - Les Parisiens aux salons de peinture / par L. Hourticq. - La douceur de vivre / par G. Lenôtre 4aParis-xUsos y costumbres-yS.XVIII.0 aHermant, Abel.1 aFunck-Brentano, Frantz (d1862-1947)0 aFranc-Nohain.2 aMusée Carnavalet (Paris)0 aConférences du Musée Carnavalet aES-MaACLjA-2814